000 00540nam a2200217Ia 4500
003 LK-CoDNM
005 20240307101400.0
008 010623t1934 xxu||||| |||| 00| 1 sin d
040 _aLK-CoDNM
_dLK-CoDNM
_eLK-CoDNM
041 _asin
080 _a104 AA5
100 _aAmarasekara,P.K.C
245 _aසිසු කිරණ
246 _aSisu kirana
260 _bSubhadra press
_aMatara
_c1934,May
300 _bDamaged
_a16p.,27 cm
650 _aEducation
650 _aHistory
650 _aSinhalese grammar
942 _cBK
999 _c97559
_d97559